Se me cayó un diente! / (Record no. 18606)
[ view plain ]
| 000 -LEADER | |
|---|---|
| fixed length control field | 00643nam a22002297a 4500 |
| 001 - CONTROL NUMBER | |
| control field | sjds170153 |
| 003 - CONTROL NUMBER IDENTIFIER | |
| control field | sjds |
| 005 - DATE AND TIME OF LATEST TRANSACTION | |
| control field | 20170720140050.0 |
| 008 - FIXED-LENGTH DATA ELEMENTS--GENERAL INFORMATION | |
| fixed length control field | 170720b nyu||||| |||| 00| 0 spa d |
| 020 ## - INTERNATIONAL STANDARD BOOK NUMBER | |
| International Standard Book Number | 0439226465 (pbk.) |
| 020 ## - INTERNATIONAL STANDARD BOOK NUMBER | |
| International Standard Book Number | 9780439226462 (pbk.) |
| 040 ## - CATALOGING SOURCE | |
| Transcribing agency | sjds |
| 041 ## - LANGUAGE CODE | |
| Language code of text/sound track or separate title | spa |
| 100 1# - MAIN ENTRY--PERSONAL NAME | |
| Personal name | Wilhelm, Hans |
| 245 ## - TITLE STATEMENT | |
| Title | Se me cayó un diente! / |
| Statement of responsibility, etc. | por Hans Wilhelm |
| 260 ## - PUBLICATION, DISTRIBUTION, ETC. (IMPRINT) | |
| Place of publication, distribution, etc. | New York : |
| Name of publisher, distributor, etc. | Scholastic, |
| Date of publication, distribution, etc. | c2001. |
| 300 ## - PHYSICAL DESCRIPTION | |
| Extent | 1 volume (unpaged) : |
| Other physical details | color illustrations ; |
| Dimensions | 23 cm. |
| 490 ## - SERIES STATEMENT | |
| Series statement | Hello reader!, Level 1 |
| Volume/sequential designation | Level 1 |
| 490 ## - SERIES STATEMENT | |
| Series statement | Hola, lector! |
| Volume/sequential designation | Nivel 1 |
| 526 ## - STUDY PROGRAM INFORMATION NOTE | |
| Program name | Hola, lector! |
| Reading level | Nivel 1 |
| 942 ## - ADDED ENTRY ELEMENTS (KOHA) | |
| Koha item type | Libro/Book |
| Withdrawn status | Lost status | Damaged status | Not for loan | Home library | Current library | Date acquired | Inventory number | Total Checkouts | Barcode | Date last seen | Date checked out | Price effective from | Koha item type |
|---|---|---|---|---|---|---|---|---|---|---|---|---|---|
| Barbudos -- Satellite | Barbudos -- Satellite | 20/07/2017 | Inventory date: 7/7/25 | 1 | 35801535 | 16/02/2022 | 20/02/2018 | 20/07/2017 | Libro/Book |